000 00697nam a2200241Ia 4500
003 OSt
005 20221005025516.0
006 a|||||r|||| 00| 0
007 ta
008 221004b |||||||| |||| 00| 0 eng d
024 _a29884
037 _cTextual
040 _aCRL
_cCRL
_beng
041 _2eng
_aeng
082 _aV236.M8, N9
100 _aChattopadhyay Chhanda
_9581778
245 0 _aPunjab and Awadh 1857-1887
_b Ideology, the rural power structure and imperial rule
260 _aCalcutta
_bThe Asiatic Society India
_c1999
300 _a324p.
_ccm.
650 _aHISTORY
942 _hV236.M8, N9
_cTEXL
_2cc
999 _c934777
_d934777